Chapman Library

Safe driving: simplified (Record no. 2474)

000 -LEADER
fixed length control field 00347nam a22001337a 4500
020 ## - INTERNATIONAL STANDARD BOOK NUMBER
ISBN 9988626533
050 ## - LIBRARY OF CONGRESS CALL NUMBER
Classification number TL 152 ame
100 ## - MAIN ENTRY--AUTHOR NAME
Personal name AMEGASHIE, Justice M.Y.
245 ## - TITLE STATEMENT
Title Safe driving: simplified
260 ## - PUBLICATION, DISTRIBUTION, ETC. (IMPRINT)
Place of publication Accra, Ghana
Name of publisher Woeli Publishing Services
Year of publication 2005
300 ## - PHYSICAL DESCRIPTION
Number of Pages x, 169p. : ill. : ref.
942 ## - ADDED ENTRY ELEMENTS (KOHA)
Koha item type Books
988 ## - PAGINATION/EXTENT
PAGINATION/EXTENT x, 169p. : ill. : ref.
Holdings
Koha item type Collection code Shelving location Accession Number Permanent Location Current Location Date acquired Full call number
BooksLendingLending0233 c1Chapman LibraryChapman Library2017-02-16TL 152 ame
BooksLendingLending0234 c2Chapman LibraryChapman Library2017-02-16TL 152 ame
BooksLendingLending0235 c3Chapman LibraryChapman Library2017-02-16TL 152 ame
BooksLendingLending0236 c4Chapman LibraryChapman Library2017-02-16TL 152 ame
BooksLendingLending2716 c5Chapman LibraryChapman Library2017-02-16TL 152 ame
BooksReferenceReference2717 c6Chapman LibraryChapman Library2017-02-16TL 152 ame
BooksReferenceReference2718 c7Chapman LibraryChapman Library2017-02-16TL 152 ame


CSUC Chapman Library is a Koha Automated Library.


Contact us: library@csuc.edu.gh.